00662 2200229 4500001002100000005001700021008004100038035002400079040001200103082001500115084001500130090001900145090001900164245008600183260005500269300001300324650002900337850001200366990001800378990001800396990001800414INLIS00000000002386720161104141714.0  0010-111600000000121 aYOPDYOG 223a069.52 a069.52 Buk aNUS 069.52 Buk aBTR 069.52 Buk aBUKU petunjuk pameran poto kerajaan-kerajaan/Istana Se-Nusantarac/ Suruhen Purba aMedanbMuseum Negeri Provinsi Sumatera Utarac1991 c; 21 cm. aKoleksi Museum - Pameran aYOPDYOG a45861-PD/A.13 a53159-PD/A.16 a53160-PD/A.16